000 00486nam a2200217Ia 4500
005 20251020182616.0
008 200515s9999 xx 000 0 und d
082 _aSC/693.812/T78
110 _aTradisa
245 0 _aManual Técnico de bolsillo : fierro
250 _a2a ed.
260 _aLima
260 _c1999
300 _as. n.
650 _aFIERRERIA
650 _aFIERRO CORRUGADO
650 _aPERFILES
650 _aSOLDADURAS
650 _aTUBERIAS
942 _cLIB
999 _c3510
_d3510